Remote sensing digital image analysis: an introduction
Enregistré dans:
| Auteurs principaux: | , |
|---|---|
| Format: | Livre |
| Langue: | anglais |
| Publié: |
Berlín
Springer
1999
|
| Édition: | 3a. ed |
| Sujets: | |
| Tags: |
Ajouter un tag
Pas de tags, Soyez le premier à ajouter un tag!
|
MARC
| LEADER | 00000nam a2200000 a 4500 | ||
|---|---|---|---|
| 001 | UCN8827 | ||
| 003 | CL-VaPUC | ||
| 008 | 011123e19990000GW |||||||||||||||||eng|d | ||
| 082 | 0 | 4 | |a 621.3678 |b RIC |2 21 |
| 100 | 0 | |a Richards, John Alan |e author |9 465368 | |
| 700 | 0 | |a Jia, Xiuping |e author |9 465369 | |
| 245 | 1 | 0 | |a Remote sensing digital image analysis: an introduction |
| 250 | |a 3a. ed | ||
| 300 | |a 363 p | ||
| 942 | |c BK | ||
| 945 | |d 20011123 00:00:00 |a vberengu | ||
| 260 | |a Berlín |b Springer |c 1999 | ||
| 650 | 7 | |a PERCEPCION REMOTA |2 CL-VaPUC |9 465370 | |
| 650 | 0 | |a Procesamiento de imágenes |9 316062 | |
| 583 | |a last modification |c 20011123 00:00:00 |k Rodrigo Vera | ||
| 999 | |c 298571 |d 298569 | ||
| 952 | |0 0 |1 0 |4 0 |6 621_367800000000000_RIC_1999 |7 0 |8 CCM |9 354249 |a BIBCUR |b BIBCUR |d 2019-11-21 |i 3755215 |o 621.3678 RIC 1999 |p 3755215 |r 2025-04-22 |w 2019-11-21 |y BK |k RNT | ||